000 00582nam a2200193Ia 4500
005 20250326143618.0
008 250326s9999 xx 000 0 und d
020 _a0-7546-3210-5
037 _aTextbook
040 _aFMSL
_beng
_cFMSL
041 _aeng
_2eng
084 _aXobD658(2:55) P4
_qFMSL
100 _aPaganetto Luigi
_9322164
245 0 _aKnowledge economy, information technologies and growth
_cPaganetto Luigi
260 _aEngland
_bEngland, Ashgate
_c2004
300 _axxiii,519
942 _cTB
_hXobD658(2:55) P4
999 _c1300267
_d1300267